Statistics for Liverpool Road to Madrid 2019

Click here to take the quiz!

General Stats

  • This quiz has been taken 142 times
  • The average score is 5 of 7

Answer Stats

RoundOpponent% Correct
FinalTottenham Hotspur
97%
Semi-finalFC Barcelona
92%
Group stageS.S.C. Napoli
82%
Quarter-finalF.C. Porto
77%
Round of 16FC Bayern Munich
76%
Group stageParis Saint-Germain
74%
Group stageRed Star Belgrade
39%

Score Distribution

Percentile by Number Answered

Percent of People with Each Score

Your Score History

You have not taken this quiz